|
|
|
|
| LEADER |
00952nam a2200241 a 4500 |
| 001 |
GR-MES5201 |
| 008 |
991111s gr 000 0 gre d |
| 040 |
|
|
|a GrPaTEI
|b gre
|c GR-PaULI
|
| 245 |
0 |
0 |
|a Μηχανές Diesel :
|b συγκρότηση-λειτουργία-συντήρηση-έλεγχοι-επισκευές.
|
| 250 |
|
|
|a 2η
|
| 260 |
|
|
|a Αθήνα :
|b [χ.ο]
|
| 300 |
|
|
|a 270σελ. :
|b εικ.
|
| 650 |
|
4 |
|a ΒΕΝΖΙΝΟΜΗΧΑΝΕΣ
|
| 650 |
|
4 |
|a ΚΑΥΣΙΜΑ
|
| 650 |
|
4 |
|a ΜΗΧΑΝΕΣ
|
| 650 |
|
4 |
|a ΜΗΧΑΝΕΣ DIESEL
|
| 650 |
|
4 |
|a ΠΕΤΡΕΛΑΙΟ
|
| 650 |
|
4 |
|a ΠΕΤΡΕΛΑΙΟΜΗΧΑΝΕΣ
|
| 700 |
1 |
|
|a Δημοπούλου, Η.
|
| 942 |
|
|
|2 ddc
|
| 952 |
|
|
|0 0
|1 0
|2 ddc
|4 0
|6 621_436000000000000_ΔΗΜ
|7 0
|9 275771
|a MSLG
|b MSLG
|c BSC
|d 2021-01-17
|e 24
|f 0
|g 0.00
|l 0
|o 621.436 ΔΗΜ
|p 2420000006948
|r 2021-01-17 00:00:00
|t 1
|w 2021-01-17
|y BK15
|x 19991111 0 1
|x GrPaTEI
|
| 971 |
|
|
|a .b25836687
|b 16-04-20
|c 14-09-16
|
| 999 |
|
|
|c 159831
|d 159831
|